US States With Highest High School Graduation Rates Quiz Stats

 Plays Quiz Updated Jan 17, 2017

Support Sporcle.
Go Orange.
Score 0/16 Timer 02:00
0 Plays Today
Rank State % Correct
12Maine
80%
11Vermont
77.9%
7New Hampshire
76.2%
14Connecticut
71.5%
13Massachusetts
68.3%
4Texas
65.7%
1Iowa
62.2%
2New Jersey
57.3%
Rank State % Correct
15Indiana
57.1%
16Maryland
56.3%
6Wisconsin
54%
5Nebraska
51.8%
10Missouri
45.4%
8Kentucky
43.5%
9Tennessee
40.7%
3Alabama
33.9%

You're not logged in!

Compare scores with friends on all Sporcle quizzes.
OR
Log In
Forgot?

From the Vault

One Subcategory in 15 Categories - Christmas

by MrWhiplash

Did you get all your shopping done? There's still time. Probably.
Remove Ads.
Support Sporcle.
Get the best of Sporcle when you Go Orange. This ad-free experience offers more features, more stats, and more fun while also helping to support Sporcle. Thank you for becoming a member.

Show Comments

Extras

Top Quizzes Today


Score Distribution

Your Account Isn't Verified!

In order to create a playlist on Sporcle, you need to verify the email address you used during registration. Go to your Sporcle Settings to finish the process.

Report this User

Report this user for behavior that violates our Community Guidelines.

Details: